000
00301nam a22001337a 4500
008
181009b xxu||||| |||| 00| 0 eng d
020
_a
9780534567699
041
_a
eng
080
_a
321
100
_a
19
101
_a
SHP
245
_a
African Politics and Society
_c
Schrader, P.J
942
_2
udc
_c
BK
999
_c
49168
_d
49168